| 000 | 00418nam a2200145Ia 4500 | ||
|---|---|---|---|
| 008 | 230917s9999||||xx |||||||||||||| ||und|| | ||
| 040 |
_e188016 _aMAIN |
||
| 041 | _aEnglish | ||
| 082 | _a330.1543 I2E | ||
| 100 | _aIndira Gandhi National Open University | ||
| 245 | 0 | _aEconometric methods (MECE-001). V1,2,4,5. | |
| 260 |
_aNew Delhi _bIndira Gandhi National Open University _c2009 |
||
| 300 | _av. p. | ||
| 942 | _cBK | ||
| 999 |
_c151826 _d151826 |
||